| 000 | 03320nam a2200541Ia 4500 | ||
|---|---|---|---|
| 001 | 2539 | ||
| 008 | 241029s9999 xx 000 0 und d | ||
| 010 | _a2387 | ||
| 041 | _aEspañol | ||
| 082 | _aMA-O EIP 000033 FH 2004 | ||
| 245 | 0 | _aEvaluación del programa de Formación Integral Humana y Religiosa de 7mo. Grado en la Escuela Barrio Blanco, San Pedro de Macorís | |
| 260 | _aSanto Domingo | ||
| 300 | _a126 | ||
| 520 | _a33 | ||
| 630 | _aEducación Religiosa | ||
| 630 | _aEvaluación | ||
| 650 | _aFormación Integral Humana y Religiosa | ||
| 690 | _aElaborado | ||
| 700 |
_easesor _a Ãvila, Casilda |
||
| 700 |
_eautor _a Acosta Peguero, Raquel |
||
| 700 |
_eautor _a Lirio Núñez, María Antonia |
||
| 901 |
_a{"1":" Acosta Peguero","2":" Lirio Núñez"} _b{"1":"Raquel ","2":"María Antonia"} |
||
| 902 | _a1 | ||
| 903 |
_a{"1":" Ãvila"} _b{"1":"Casilda"} |
||
| 904 | _aMaestría en | ||
| 905 | _aOrientación e Intervención Psicopedagógica | ||
| 906 | _a2 | ||
| 907 | _aNO APLICA | ||
| 908 | _aNO APLICA | ||
| 909 | _aUniversidad Autónoma de Santo Domingo (UASD) | ||
| 910 |
_aNULL _bNULL |
||
| 911 | _a["1"] | ||
| 912 | _aNO APLICA | ||
| 913 | _aNULL | ||
| 914 | _a08 de Enero de 2007 | ||
| 915 | _a08/07/15 02:07 | ||
| 916 | _aNULL | ||
| 917 | _aNULL | ||
| 918 | _aNO APLICA | ||
| 919 | _a["82","97"] | ||
| 520 | _aLa investigación se fundamentó en evaluar el programa Formación Integral Humana y Religiosa de 7mo grado de educación básica en el Centro Educativo Barrio Blanco, identificar las coherencias existentes entre los propósitos, contenidos y naturaleza del área en el programa Formación Integral Humana y Religiosa y las estrategias y metodologías usadas durante el proceso de enseñanza-aprendizaje.La investigación presenta una metodología cualitativa, la cual se sustentó con la aplicación de los instrumentos del cuestionario, ficha de observación, análisis de contenido, registro visual, análisis FODA, diario de campo y entrevistas, dirigidos a una población de 53 estudiantes de 7mo grado en la tanda matutina de los cuales 26 son varones y 27 hembras entre las edades de 11 a 16 años y la maestra del grado.El estudio determinó que se puede observar las carencias de contenidos de carácter social, preventivo, fundamento en una educación de valores. En este grado la enseñanza del área, los contenidos priorizan la espiritualidad y la fe, no toman en cuenta las necesidades de los estudiantes y el entorno que les rodea. En otro sentido se destacó las necesidades en los maestros, la falta de orientación, el seguimiento y apoyo al trabajo que tienen desarrollar, falta de materiales y recursos, falta de coordinación de actitudes con maestros que imparten la asignatura, falta de planificación de contenidos y programas de educación en valores que puedan ayudar a mejorar los comportamiento de los estudiantes.El estudio recomienda que la SEE debe de hacer una revisión general del programa Formación Integral Humana y Religiosa en todos los niveles y tomar en cuenta la preparación del profesional del área para nombrarlo como maestro de Formación Integral Humana y Religiosa. | ||
| 921 | _a16 | ||
| 922 | _a16 | ||
| 923 | _a0 | ||
| 924 | _aNO APLICA | ||
| 942 | _cTesis | ||
| 999 |
_c2387 _d2387 |
||